| 000 | 00581nam a2200181Ia 4500 | ||
|---|---|---|---|
| 005 | 20170804110726.0 | ||
| 010 | _aBAC-CH25 | ||
| 020 |
_a9780143330196 _cRs.199.00 |
||
| 035 | _aB-667239 | ||
| 037 |
_bAakar/Ven _adpl |
||
| 082 | _aS | ||
| 100 | _aDivakaruni,Chitra Banerjee | ||
| 245 |
_aVictory song / _cBy Chitra Banerjee Divakaruni |
||
| 260 |
_aNew delhi _bPuffin Books _c2014 |
||
| 300 |
_a131p. _c19cm(pbk) |
||
| 942 |
_cCH _2ddc _mDIV _hS |
||
| 999 |
_c85652 _d85652 |
||